| 000 | 01174nam0a22002291i 4500 | ||
|---|---|---|---|
| 001 | rc\661254 | ||
| 005 | 20240723202016.0 | ||
| 035 | _a(NLR Aleph) 005900385 | ||
| 090 |
_a6270602 _c6270602 |
||
| 100 | _a20031121d1986 u |0rusy50 ca | ||
| 101 | 0 | _arus | |
| 102 | _aRU | ||
| 105 | _aa ||||||||| | ||
| 200 | 1 |
_aЭффективность минеральных и органических удобрений под сельскохозяйственные культуры на фоне противоэрозионных агротехнических приемов на северо-восточном склоне Малого Кавказа _e(На прим. Шаумян. р-на АзССР) _eАвтореф. дис. на соиск. учен. степ. канд. с.-х. наук _e(06.01.04) _fАН АзССР, Ин-т почвоведения и агрохимии |
|
| 210 |
_aБаку _d1986 |
||
| 215 |
_a25 с. _cграф. |
||
| 320 | _aБиблиогр.: с. 24-25 (8 назв.) | ||
| 700 | 1 |
_aГамбаров _bИ.Г. оглы _gИдрис Гамбар оглы |
|
| 801 | 0 |
_aRU _bNLR _gpsbo |
|
| 801 | 1 |
_aRU _bELAR _2rusmarc |
|
| 852 |
_aNLR _jА86/17703 |
||
| 942 | _cBOOK | ||